| 000 | 00640nam a2200217Ia 4500 | ||
|---|---|---|---|
| 005 | 20241129104210.0 | ||
| 008 | 241129s9999||||xx |||||||||||||| ||und|| | ||
| 020 | _a9783319678993 | ||
| 037 | _aTextual | ||
| 040 |
_aRTL _beng _cRTL |
||
| 041 |
_aeng _2eng |
||
| 084 |
_aY15.2 Q8 _qRTL |
||
| 100 |
_aHussein Nazia _9725207 |
||
| 245 | 0 |
_aRethinking new womanhood: Practices of gender class culture and religion in South Asia _cHussein Nazia |
|
| 260 |
_aUS _bPalgrave Macmillan _c2018 |
||
| 300 | _axi,231p. | ||
| 365 |
_aINR _b7061.2 |
||
| 650 | _aAnthropology | ||
| 942 |
_cTB _hY15.2 Q8 |
||
| 999 |
_c1224843 _d1224843 |
||